| 000 | 01245nam a2200265 i 4500 | ||
|---|---|---|---|
| 001 | 54506 | ||
| 003 | ES-MaACL | ||
| 005 | 20260408135547.0 | ||
| 007 | t| | ||
| 008 | 900725s1920 sp ||||0| spa d | ||
| 245 | 0 | 0 |
_aDiscursos leídos en el Paraninfo de la Universidad Central en el acto del homenaje al eminente catedrático de la Facultad de Medicina Excmo. Sr. D. Amalio Gimeno y Cabañas con motivo de su jubilación / _cpor los Excmos. Señores D. José Francos Rodríguez, D. Amalio Gimeno y Cabañas, D. José Rodríguez Carracido. |
| 260 |
_aMadrid : _b[s.n.], _c1920 ( _fArtes Gráf. Plus-Ultra) |
||
| 300 |
_a65 p., 1 retr. ; _c26 cm. |
||
| 530 | _aDisponible en formato digital. | ||
| 600 | 1 | 4 |
_aGimeno, Amalio, _d1850-1936 _957076 |
| 650 | 7 |
_aMedicina _2embne _914891 |
|
| 700 | 1 |
_aFrancos Rodríguez, José, _d1862-1931 _952286 |
|
| 700 | 1 |
_aGimeno, Amalio, _d1850-1936 _957076 |
|
| 700 | 1 |
_aRodríguez Carracido, José, _d1856-1928 _998407 |
|
| 710 | 2 |
_aUniversidad Central (Madrid) _97084 |
|
| 852 |
_aES-MaACL _j1596-F-9 _956598 _cDEPOF _zRevisado enlace: 31 de Marzo de 2025 |
||
| 856 | 4 |
_uhttp://bdh-rd.bne.es/viewer.vm?id=0000206093&page=1 _yBiblioteca Digital Hispánica |
|
| 942 | _2udc | ||
| 999 |
_c54506 _d54506 |
||